000 00390nam a2200109Ia 4500
008 220204s9999 xx 000 0 und d
082 _a632.937.32
_bGAR
100 _aR J
245 0 _aPropagation by cuttings and layers. Recent work and its application, with special reference to Pome and stone fruits
260 _aEngland
_bImperial Bureau of Horticulture and Plantation Crops
942 _cBK
999 _c20700
_d20700